Statistics for United States With the Most Burger Restaurants

Click here to take the quiz!

General Stats

  • This quiz has been taken 30 times
  • The average score is 4 of 5

Answer Stats

# of Restaurants (2014)Answer% Correct
5,553Texas
100%
6,104California
96%
2,728Florida
96%
1,846Illinois
81%
1,850Ohio
59%

Score Distribution

Percentile by Number Answered

Percent of People with Each Score

Your Score History

You have not taken this quiz